| 000 | 00000nam##2200000za#4500 |
| 001 | 9.597999 |
| 003 | CaOODSP |
| 005 | 20210624204324 |
| 007 | cr ||||||||||| |
| 008 | 150406|1999||||xxc|||||o f|0| 0 fre|d |
| 040 | |aCaOODSP|bfre |
| 043 | |an-cn--- |
| 086 | 1 |aTU3-5/99-26F-PDF |
| 110 | 2 |aBureau de la sécurité des transports du Canada. |
| 245 | 10|aSortie en bout de piste - Fokker F28 Mk 1000 C-GTIZ exploité par Inter-Canadien, St. John's (Terre-Neuve), le 1er août 1999 |h[ressource électronique] |
| 260 | |aGatineau - Québec : |bBureau de la sécurité des transports du Canada |c[2002]. |
| 300 | |a31p.|bglossaire, graphique, ill., références, tableaux |
| 490 | 1 |aRapport d'enquête aéronautique |vA99A0100 |
| 590 | |a10-10-Supp|b2010-11-09 |
| 775 | 08|tRunway overrun-- Inter-Canadien Fokker F28 Mk 1000 C-GTIZ, St. John's, Newfoundland, 01 August 1999 |w(CaOODSP)9.566528 |
| 830 | #0|aRapport d'enquête aéronautique ;|vA99A0100|w(CaOODSP)9.501229 |
| 856 | 40|ahttp://publications.gc.ca|qPDF|s1612 Ko|uhttps://publications.gc.ca/collections/collection_2009/bst-tsb/TU3-5-99-26F.pdf|yA99A0100 |